|
|
|
|
| LEADER |
01162nam a2200241 a 4500 |
| 003 |
GR-PaULI |
| 005 |
20201119133215.0 |
| 008 |
940701s1994 enkab b 001 0 eng d |
| 952 |
|
|
|0 0
|1 0
|2 ddc
|4 0
|6 577_022000000000000_3_MAP
|7 0
|9 227925
|a LISA
|b LISA
|c BSC
|d 2018-11-26
|i 14425
|l 0
|o 577.022 3 MAP
|p 027000001446
|r 2018-11-26 00:00:00
|t 1
|w 2018-11-26
|y BK15
|
| 999 |
|
|
|c 137507
|d 137507
|
| 020 |
|
|
|a 0412455102
|
| 040 |
|
|
|a GR-PaULI
|c GR-PaULI
|b gre
|d GR-AiPI
|e AACR2
|
| 082 |
0 |
4 |
|a 577.022 3
|2 23
|
| 245 |
0 |
0 |
|a Mapping the diversity of nature /
|c edited by Ronald I. Miller.
|
| 260 |
|
|
|a London ;
|a New York :
|b Chapman & Hall,
|c 1994.
|
| 300 |
|
|
|a xvii, 218 σ. :
|b εικ., χάρτες (μερ. έγχρ.) ;
|c 26 εκ.
|
| 504 |
|
|
|a Περιλαμβάνει βιβλιογραφικές αναφορές και ευρετήριο.
|
| 650 |
|
4 |
|a Οικολογική χαρτογράφηση
|9 166825
|
| 650 |
|
4 |
|a Βιοποικιλότητα
|x Συντήρηση
|9 110026
|
| 650 |
|
4 |
|a Βιογεωγραφία
|v Χάρτες.
|9 172488
|
| 700 |
1 |
|
|a Miller, Ronald I.
|q (Ronald Irving),
|d 1949-
|9 172489
|e επιμελητής.
|
| 942 |
|
|
|2 ddc
|c BK15
|
| 998 |
|
|
|c ΜΙΧΟΣΤΑΥΡΟΥ
|d 2018-11
|